Subdivisions of Malaysia - Statistics

General Stats
  • This quiz has been taken 25 times
  • The average score is 12 of 16
Answer Stats
Population by 2020 Subdivisions % Correct
2,453,677 Sarawak
95%
3,418,785 Sabah
90%
998,428 Melaka/Malacca
86%
4,000,670 Johor
81%
2,131,427 Kedah
81%
1,740,405 Pulau Pinang/Penang
81%
1,591,295 Pahang
76%
284,885 Perlis
76%
1,149,440 Terengganu
76%
1,792,501 Kelantan
71%
95,120 Labuan
71%
1,199,974 Negeri Sembilan
71%
2,496,041 Perak
71%
109,202 Putrajaya
71%
6,994,423 Selangor
71%
1,982,112 Kuala Lumpur
43%
No matching quizzes found
Score Distribution
Percent of People with Each Score
Percentile by Number Answered
Your Score History
You have not taken this quiz